000 00370nam a2200169Ia 4500
008 210210b1952 xxu||||| |||| 00| 0 eng d
041 _aeng
082 _a828/657
100 _aVALLENTIN (A)
245 _aLeonard Da Vinci
260 _aLondon
_bW H Allen
_c1952
650 _aVinci
650 _aLeonard
650 _aDa
690 _aBiography
906 _a016502
999 _c136055
_d136055